Gladstone a biography
Bewaard in:
| Hoofdauteur: | |
|---|---|
| Formaat: | Boek |
| Taal: | Undetermined |
| Gepubliceerd in: |
London
John Murray
1963
|
| Tags: |
Voeg label toe
Geen labels, Wees de eerste die dit record labelt!
|
| Thư viện lưu trữ: | Trung tâm Học liệu Trường Đại học Cần Thơ |
|---|
| LEADER | 00426nam a2200169Ia 4500 | ||
|---|---|---|---|
| 001 | CTU_86496 | ||
| 008 | 210402s9999 xx 000 0 und d | ||
| 082 | |a 923.242 | ||
| 082 | |b M199 | ||
| 100 | |a Magnus, Philip | ||
| 245 | 0 | |a Gladstone a biography | |
| 245 | 0 | |c Philip Magnus | |
| 260 | |a London | ||
| 260 | |b John Murray | ||
| 260 | |c 1963 | ||
| 904 | |i Tuyến | ||
| 980 | |a Trung tâm Học liệu Trường Đại học Cần Thơ | ||